000 00829nam a2200217Ia 4500
003 0
005 20250116083118.0
008 161205s9999 xx 000 0 und d
050 _aPHS TP 1183.C6
_b.Q6 2015
100 _aQuianzon, Charles Edric P.
245 4 _aThe production of biodegradable plastic from Chitosan extracted from mussel (Mytilus edulis) shells
_cCharles Edric P. Quainzon
260 _aLas PiƱas, Philippines :
_bSouthville International School and Colleges,
_c2015.
300 _aiii, 26 p. :
_bill. ;
_c28 cm.
504 _aIncludes bibliographical references.
650 _aPlastics
_vBiodegradation.
650 _aBiodegradable plastics.
650 _aChitosan
_vIndustrial applications.
650 _aMytilus edulis
_vByproducts.
650 _aSustainable materials
_vProduction.
942 _2lcc
_cPASS
999 _c305299
_d305299